| 000 | 00518nam a2200133Ia 4500 | ||
|---|---|---|---|
| 008 | 250506s9999 xx 000 0 und d | ||
| 024 | _a04A-38-EE, 04A-52-EE, 04A-42-EE & 04A-33-EE | ||
| 082 | _a621.38100472 SYE | ||
| 100 | _aSyed Ameen Uddin, Sikander Sheikh, Mohsin Raza Khan & Mobin Ahmed Ghias | ||
| 245 | 0 | _aComputerized Data Acquisition, Control & Monitoring of an Industrial Unit (Color Mixer) | |
| 260 |
_aKarachi: _bUIT, _c2004 |
||
| 600 | _aElectronic Engineering | ||
| 650 | _aBachelor of Engineering (BE) | ||
| 999 |
_c28172 _d28172 |
||